European Consumer Protection Regarding Recycling Products Made from End-of-Life Tires in the Context of the Circular Economy

Recyklácia sa stala jednou z najdôležitejších tém pre záchranu cenných zdrojov pre budúce generácie. Nielen priemysel, ale aj vlády prostredníctvom legislatívy sa zameriavajú na výrobu opakovane použiteľného tovaru a opätovné použitie materiálov recykláciou jeho komponentov, aby im dali druhý, tretí...

Full description

Saved in:
Bibliographic Details
Main Author: Seuser, Philipp
Other Authors: Gubíniová, Katarína
Format: Book Chapter
Language:English
Subjects:
Tags: Add Tag
No Tags, Be the first to tag this record!

MARC

LEADER 00000naa a2200000 4500
001 0313025
005 20251104134058.9
041 0 |a eng 
044 |a SK 
245 1 0 |a European Consumer Protection Regarding Recycling Products Made from End-of-Life Tires in the Context of the Circular Economy  |c Philipp Seuser, Katarína Gubíniová 
520 |a Recyklácia sa stala jednou z najdôležitejších tém pre záchranu cenných zdrojov pre budúce generácie. Nielen priemysel, ale aj vlády prostredníctvom legislatívy sa zameriavajú na výrobu opakovane použiteľného tovaru a opätovné použitie materiálov recykláciou jeho komponentov, aby im dali druhý, tretí alebo akýmkoľvek spôsobom nový život. Toto takzvané obehové hospodárstvo je kľúčovou súčasťou trvalo udržateľného rozvoja. Cieľom tejto práce je analyzovať konflikt medzi ochranou spotrebiteľa a ekologickou udržateľnosťou s cieľom načrtnúť prvky stratégie, ktorá umožní: efektívne využívanie spotrebných výrobkov a udržateľnú recykláciu pneumatík. 
610 2 0 |a recyklácia odpadu 
610 2 0 |a legislatíva 
610 2 0 |a generácie 
610 2 0 |a priemysel 
610 2 0 |a ochrana spotrebiteľa 
610 2 0 |a udržateľnosť 
610 2 0 |a ekológia 
100 1 |a Seuser, Philipp 
700 1 |a Gubíniová, Katarína